| 000 | 01056nam a2200229Ia 4500 | ||
|---|---|---|---|
| 003 | GCL | ||
| 008 | 140319s9999 xx 000 0 ara d | ||
| 020 | _a8673301977 | ||
| 040 |
_aGCL / _cGCL |
||
| 082 | 0 | 4 |
_aق _b956.708 _bك د |
| 100 | 1 | _aكمال احمد عامر | |
| 245 | 1 | 0 |
_aالدور المصرى والعربى فى حرب تحرير الكويت / _cكمال احمد عامر |
| 260 |
_aالقاهرة : _bالهيئة المصرية العامة للكتاب ، _c2001 |
||
| 300 |
_a495 ص ؛ _c22 سم |
||
| 490 |
_aتاريخ المصريين _v208 |
||
| 650 | 0 | 4 | _aاحتلال الكويت (1990 - 1991) |
| 650 | 0 | 4 | _aالكويت - تاريخ - العصر الحديث - الاحتلال العراقى(1990-1991) |
| 650 | 0 | 4 | _aالعراق - تاريخ - العصر الحديث - احتلال الكويت ( 1990-1991 ) |
| 650 | 0 | 4 | _aالكويت - تاريخ - انتهاء الاحتلال العراقى (1991) |
| 650 | 0 | 4 | _aالاعتداء العراقى على الكويت - الدور المصرى |
| 942 |
_2ddc _cBK |
||
| 999 |
_c58300 _d58300 |
||